[Event "Niedersachsen-ch"]
[Site "Verden"]
[Date "2019.01.04"]
[Round "4"]
[White "Schulze, Lara"]
[Black "Ngo, Minh Duc"]
[Result "0-1"]
[WhiteElo "2175"]
[BlackElo "2155"]
[PlyCount "80"]
[EventDate "2019.01.03"]
[EventType "swiss"]
[EventRounds "7"]
[EventCountry "GER"]
[SourceTitle "EXT 2022"]
[Source "ChessBase"]
[SourceDate "2021.10.06"]
[SourceVersion "1"]
[SourceVersionDate "2021.10.06"]
[SourceQuality "1"]

1. e4 c5 2. Nf3 Nc6 3. d4 cxd4 4. Nxd4 g6 5. c4 Bg7 6. Be3 Nf6 7. Nc3 0-0 8. Be2 d6 9. 0-0 Bd7 10. Nc2 Rc8 11. f4 Be6 12. Qd2 a5 13. b3 Ng4 14. Bxg4 Bxg4 15. f5 gxf5 16. h3 f4 17. Bxf4 Be6 18. Bh6 Bxh6 19. Qxh6 Kh8 20. Rf4 Rg8 21. Rh4 Rg7 22. Rf1 Qg8 23. Ne3 Ne5 24. Ncd5 f6 25. Nf4 Bd7 26. Qh5 Rc5 27. Qe2 Rg3 28. Kh2 Rg5 29. Ned5 Qf7 30. Nd3 Nxd3 31. Qxd3 Qe6 32. Qf3 b5 33. cxb5 Bxb5 34. Rf2 Bc6 35. Nf4 Qe5 36. Re2 f5 37. g3 Bxe4 38. Rxe4 fxe4 39. Qe2 Rc3 40. Rh5 Rxh5 0-1

[Event "Bremen Silvester op"]
[Site "Bremen"]
[Date "2018.12.27"]
[Round "2"]
[White "Meyer, Thorsten1111"]
[Black "Ngo, Minh Duc"]
[Result "1/2-1/2"]
[WhiteElo "1974"]
[BlackElo "2155"]
[PlyCount "102"]
[EventDate "2018.12.27"]
[EventType "swiss"]
[EventRounds "7"]
[EventCountry "GER"]
[SourceTitle "CBM 188 Extra"]
[Source "ChessBase"]
[SourceDate "2019.02.26"]
[SourceVersion "1"]
[SourceVersionDate "2019.02.26"]
[SourceQuality "1"]

1. e4 c5 2. Nf3 Nc6 3. d4 cxd4 4. Nxd4 g6 5. c3 Bg7 6. Be3 Nf6 7. f3 0-0 8. Qd2 d5 9. exd5 Nxd5 10. Nxc6 bxc6 11. Bf2 Bf5 12. Bc4 Nb6 13. Bb3 Bd3 14. Na3 Ba6 15. Rd1 Qc7 16. Bg3 Qb7 17. Bf4 Rfe8 18. Kf2 Nd5 19. Rhe1 Rad8 20. Qc1 Qb6+ 21. Be3 Qb8 22. g3 Nxe3 23. Qxe3 e6 24. Qe4 Rxd1 25. Rxd1 Rd8 26. Rxd8+ Qxd8 27. Nc4 Bxc4 28. Qxc4 Qd2+ 29. Qe2 Qd6 30. Kg2 Bh6 31. Bc2 Bg5 32. Be4 c5 33. Bd3 a5 34. Bb5 Qd5 35. Bc4 Qb7 36. Bb5 Bc1 37. a4 Qd5 38. Bc4 Qd2 39. Qxd2 Bxd2 40. Bd3 Bc1 41. b3 Bb2 42. c4 Kg7 43. f4 Kf6 44. Kf3 h5 45. Be4 g5 46. h3 Bc1 47. Bc6 e5 48. fxg5+ Kxg5 49. Ke4 Bb2 50. Bd7 h4 51. g4 f6 1/2-1/2

[Event "Niedersachsen-ch op A"]
[Site "Verden"]
[Date "2018.01.06"]
[Round "6"]
[White "Marzik, Hans"]
[Black "Ngo, Minh Duc"]
[Result "1/2-1/2"]
[WhiteElo "2022"]
[BlackElo "2064"]
[PlyCount "101"]
[EventDate "2018.01.04"]
[EventType "swiss"]
[EventRounds "7"]
[EventCountry "GER"]
[SourceTitle "EXT 2022"]
[Source "ChessBase"]
[SourceDate "2021.10.06"]
[SourceVersion "1"]
[SourceVersionDate "2021.10.06"]
[SourceQuality "1"]

1. d4 c6 2. c4 d5 3. Nf3 Nf6 4. Qb3 dxc4 5. Qxc4 Bf5 6. g3 e6 7. Bg2 Nbd7 8. 0-0 Be7 9. Nc3 0-0 10. Nh4 Bg4 11. e4 e5 12. d5 Rc8 13. Qd3 cxd5 14. exd5 Nc5 15. Qe3 Ne8 16. h3 Bd7 17. Nf3 f6 18. b3 Nd6 19. Bb2 Bf5 20. Rfd1 a5 21. Rac1 b6 22. Kh2 Re8 23. Nd2 Nd3 24. Rb1 Bg6 25. Nde4 Nxb2 26. Rxb2 Nf5 27. Qd3 Ba3 28. Rbb1 Nd4 29. Nb5 Bc5 30. Rbc1 Qd7 31. Nxd4 Bxd4 32. Rxc8 Rxc8 33. Qe2 Bf7 34. Qg4 Qxg4 35. hxg4 Kf8 36. Rd2 Bxd5 37. Nd6 Rd8 38. Bxd5 Rxd6 39. Be4 g6 40. Kg2 Ke7 41. f4 Bc5 42. Rxd6 Kxd6 43. a4 Ba3 44. Kf3 Kc5 45. Bb7 Kd4 46. Bc6 Kd3 47. Bd5 exf4 48. gxf4 Bb4 49. Bg8 h5 50. f5 hxg4+ 51. Kxg4 1/2-1/2

[Event "Niedersachsen-ch op A"]
[Site "Verden"]
[Date "2018.01.06"]
[Round "5"]
[White "Ngo, Minh Duc"]
[Black "Rick, Uwe"]
[Result "1/2-1/2"]
[WhiteElo "2064"]
[BlackElo "2115"]
[PlyCount "78"]
[EventDate "2018.01.04"]
[EventType "swiss"]
[EventRounds "7"]
[EventCountry "GER"]
[SourceTitle "EXT 2022"]
[Source "ChessBase"]
[SourceDate "2021.10.06"]
[SourceVersion "1"]
[SourceVersionDate "2021.10.06"]
[SourceQuality "1"]

1. Nf3 d5 2. e3 Nf6 3. c4 c6 4. Nc3 a6 5. d4 Bf5 6. b3 e6 7. Bb2 Nbd7 8. Be2 h6 9. 0-0 Be7 10. Nd2 0-0 11. c5 e5 12. dxe5 Nxe5 13. b4 Nd3 14. Bxd3 Bxd3 15. Re1 Re8 16. Nf3 Bh7 17. Nd4 Qd7 18. f3 Rad8 19. Qe2 Qc7 20. Qf2 Nd7 21. e4 dxe4 22. Nxe4 Bxe4 23. Rxe4 Nf6 24. Re2 Bf8 25. Rae1 Rxe2 26. Rxe2 Qd7 27. Qg3 Nd5 28. a3 Re8 29. Qe1 Rxe2 30. Qxe2 g6 31. Nb3 Nf4 32. Qd2 Qxd2 33. Nxd2 a5 34. Ne4 f5 35. Nf2 axb4 36. axb4 Bg7 37. Bxg7 Kxg7 38. g3 Nd5 39. Nd3 Kf6 1/2-1/2

[Event "Bremen Silvester op"]
[Site "Bremen"]
[Date "2017.12.29"]
[Round "5"]
[White "Ngo, Minh Duc"]
[Black "Pollmann, Sascha"]
[Result "0-1"]
[WhiteElo "2040"]
[BlackElo "2080"]
[PlyCount "58"]
[EventDate "2017.12.27"]
[EventType "swiss"]
[EventRounds "7"]
[EventCountry "GER"]
[SourceTitle "CBM 182 Extra"]
[Source "ChessBase"]
[SourceDate "2018.02.23"]
[SourceVersion "1"]
[SourceVersionDate "2018.02.23"]
[SourceQuality "1"]

1. e4 e6 2. d4 d5 3. Nd2 Nf6 4. e5 Nfd7 5. Bd3 c5 6. c3 Nc6 7. Ne2 cxd4 8. cxd4 f6 9. exf6 Nxf6 10. Nf3 Bd6 11. Bf4 Qa5+ 12. Qd2 Bb4 13. Nc3 0-0 14. 0-0 Nh5 15. Be5 Nxe5 16. Nxe5 Nf6 17. f3 Qb6 18. Bc2 Bd6 19. f4 Bd7 20. Rf3 Be8 21. Rh3 Rc8 22. Re1 Rc7 23. Nf3 g6 24. Rxe6 Qxb2 25. Rxd6 Rxc3 26. Rxf6 Rxf6 27. Qe1 Bf7 28. Bd1 Rc1 29. Kf1 Rfc6 0-1

[Event "Lueneburg op-A"]
[Site "Lueneburg"]
[Date "2016.07.08"]
[Round "9"]
[White "Ewert, Hannes"]
[Black "Ngo, Minh Duc"]
[Result "1/2-1/2"]
[WhiteElo "2113"]
[BlackElo "2095"]
[PlyCount "139"]
[EventDate "2016.07.01"]
[EventType "swiss"]
[EventRounds "9"]
[EventCountry "GER"]
[SourceTitle "CBM 173 Extra"]
[Source "ChessBase"]
[SourceDate "2016.08.29"]
[SourceVersion "1"]
[SourceVersionDate "2016.08.29"]
[SourceQuality "1"]

1. d4 d5 2. Nf3 Nf6 3. c4 dxc4 4. Nc3 b6 5. e4 Bb7 6. Bxc4 e6 7. e5 Nd5 8. 0-0 Be7 9. Qe2 0-0 10. Bd3 Nxc3 11. bxc3 Nd7 12. Nd2 Re8 13. Ne4 Nf8 14. Qg4 Ng6 15. f4 c5 16. Be3 c4 17. Bc2 Qd7 18. Qh5 Qd5 19. f5 exf5 20. Rxf5 Nh4 21. Rf2 Ng6 22. Bg5 Ba3 23. Re1 Qa5 24. Qf3 Bd5 25. h4 Be7 26. Bxe7 Nxe7 27. h5 h6 28. Qe3 Bxe4 29. Qxe4 Qxc3 30. Ref1 g6 31. hxg6 fxg6 32. Rf6 Qg3 33. d5 Kh8 34. e6 Rad8 35. Qd4 Kg8 36. Rf7 Nf5 37. Bxf5 gxf5 38. Rf3 Qg5 39. Qxc4 b5 40. Qd4 Rxe6 41. R7xf5 Qc1+ 42. Rf1 Qe3+ 43. Qxe3 Rxe3 44. Rd1 Rd6 45. Rd2 Kg7 46. Kh2 Kg6 47. Rf4 Re5 48. Rfd4 Rf5 49. Kh3 a5 50. Kg3 Kf6 51. R4d3 h5 52. Kh4 Kg6 53. Rd4 Kf6 54. R4d3 b4 55. Rd4 Ke7 56. R4d3 Kd7 57. g4 hxg4 58. Kxg4 Rdf6 59. a3 Rf1 60. Kg3 Rg6+ 61. Kh2 Rf8 62. axb4 axb4 63. Rh3 Kd6 64. Rh4 Rb8 65. Rb2 Kc5 66. Kh3 Rd6 67. Kg3 Rxd5 68. Kf3 Re5 69. Rc2+ Kb5 70. Rxb4+ 1/2-1/2

[Event "Lueneburg op-A"]
[Site "Lueneburg"]
[Date "2016.07.02"]
[Round "2"]
[White "Ngo, Minh Duc"]
[Black "Frost, Peter"]
[Result "1-0"]
[WhiteElo "2095"]
[BlackElo "1907"]
[PlyCount "107"]
[EventDate "2016.07.01"]
[EventType "swiss"]
[EventRounds "9"]
[EventCountry "GER"]
[SourceTitle "CBM 173 Extra"]
[Source "ChessBase"]
[SourceDate "2016.08.29"]
[SourceVersion "1"]
[SourceVersionDate "2016.08.29"]
[SourceQuality "1"]

1. e4 e6 2. d4 d5 3. Nd2 Nf6 4. e5 Nfd7 5. Bd3 c5 6. c3 Nc6 7. Ne2 cxd4 8. cxd4 f6 9. exf6 Nxf6 10. Nf3 Bd6 11. 0-0 0-0 12. Bf4 Bxf4 13. Nxf4 Ne4 14. Qc1 Qf6 15. Ne2 e5 16. Bxe4 dxe4 17. Nxe5 Nxe5 18. dxe5 Qxe5 19. Nc3 Bf5 20. Qe3 Qa5 21. Nxe4 Bxe4 22. Qxe4 Rae8 23. Qxb7 Rb8 24. b4 Rxb7 25. bxa5 Rb2 26. f3 Rf5 27. Rf2 Rxf2 28. Kxf2 Rxa5 29. Ke3 Ra4 30. Kd3 Kf7 31. Kc3 Kf6 32. Kb3 Rh4 33. h3 Rd4 34. Rc1 h5 35. Rc6+ Kf5 36. Rc5+ Kg6 37. a4 Rd2 38. Rc2 Rxc2 39. Kxc2 Kf5 40. Kd3 Kf4 41. Ke2 Kg3 42. Kf1 h4 43. a5 a6 44. Kg1 g6 45. Kf1 g5 46. Kg1 Kf4 47. Kf2 Ke5 48. Ke3 Kf5 49. f4 gxf4+ 50. Kf3 Ke5 51. Kg4 Ke4 52. Kxh4 Kf5 53. Kh5 Ke4 54. Kg4 1-0

[Event "Niedersachsen-ch op"]
[Site "Verden"]
[Date "2016.01.06"]
[Round "7"]
[White "Schiermeyer, Lukas"]
[Black "Ngo, Minh Duc"]
[Result "1/2-1/2"]
[WhiteElo "1881"]
[BlackElo "2156"]
[PlyCount "118"]
[EventDate "2016.01.03"]
[EventType "swiss"]
[EventRounds "7"]
[EventCountry "GER"]
[SourceTitle "EXT 2018"]
[Source "ChessBase"]
[SourceDate "2017.10.13"]
[SourceVersion "1"]
[SourceVersionDate "2017.10.13"]
[SourceQuality "1"]

1. e4 e6 2. d4 d5 3. Nd2 Nf6 4. e5 Nfd7 5. Bd3 c5 6. c3 Nc6 7. Ne2 cxd4 8. cxd4 f6 9. exf6 Nxf6 10. Nf3 Bd6 11. 0-0 Qc7 12. a3 0-0 13. Ng3 e5 14. dxe5 Nxe5 15. Nxe5 Bxe5 16. Rb1 Bg4 17. Qa4 Rae8 18. Bg5 Bxg3 19. hxg3 Ne4 20. Bf4 Qb6 21. Be3 Qd6 22. Bf4 Qb6 23. Be3 Qe6 24. Bxe4 dxe4 25. Qxa7 Rf5 26. Qb6 Qe7 27. Rbc1 Rh5 28. Qc7 Qe6 29. Rc5 Rxc5 30. Qxc5 Rc8 31. Qb6 Qd5 32. Qd4 Qe6 33. Rc1 Rxc1+ 34. Bxc1 Bf5 35. Be3 Qd7 36. Qc4+ Kh8 37. Bd4 Qc6 38. Qxc6 bxc6 39. Kf1 Kg8 40. Ke2 Kf7 41. Ke3 g5 42. a4 Kg6 43. a5 h5 44. Bc5 Bc8 45. Kxe4 Kf6 46. f3 Ba6 47. f4 Bf1 48. fxg5+ Kxg5 49. Ke5 Kg4 50. Bf2 c5 51. Kd5 c4 52. a6 c3 53. bxc3 Bxa6 54. c4 Bb7+ 55. Kd6 Bxg2 56. c5 Kf3 57. Be1 Ke2 58. Bc3 Kf3 59. Be5 Kg4 1/2-1/2

[Event "Pardubice Czech op-B 26th"]
[Site "Pardubice"]
[Date "2015.07.31"]
[Round "8"]
[White "Ngo, Minh Duc"]
[Black "Pribyl, Josef"]
[Result "0-1"]
[WhiteElo "2018"]
[BlackElo "2274"]
[PlyCount "182"]
[EventDate "2015.07.24"]
[EventType "swiss"]
[EventRounds "9"]
[EventCountry "CZE"]
[SourceTitle "EXT 2017"]
[Source "ChessBase"]
[SourceDate "2016.10.25"]
[SourceVersion "1"]
[SourceVersionDate "2016.10.25"]
[SourceQuality "1"]

1. e4 c6 2. d4 d5 3. Nc3 g6 4. exd5 cxd5 5. g3 Bg7 6. Bg2 Nf6 7. Nge2 0-0 8. 0-0 Nc6 9. Bg5 e6 10. Qd2 Qb6 11. b3 Bd7 12. Rad1 Qa5 13. Rfe1 Rac8 14. h3 Ne8 15. Be3 Nd6 16. g4 Rfd8 17. Kh1 Be8 18. Na4 Qxd2 19. Rxd2 b6 20. c3 Na5 21. Nb2 Bb5 22. Rc1 Rd7 23. Rdc2 Bxe2 24. Rxe2 Nb5 25. Nd1 Rdc7 26. Rd2 Nxc3 27. Rdc2 Nb5 28. Rxc7 Rxc7 29. Rxc7 Nxc7 30. Bf1 Nc6 31. Bf4 e5 32. dxe5 Bxe5 33. Bd2 Kf8 34. f4 Bd4 35. b4 Ke7 36. Kg2 Kd6 37. Kf3 Ne7 38. Bd3 Ke6 39. Ne3 f5 40. gxf5+ Nxf5 41. Nxf5 gxf5 42. Be1 Ne8 43. a4 Nd6 44. a5 Ne4 45. axb6 axb6 46. Ke2 Bc3 47. Bxc3 Nxc3+ 48. Ke3 Na2 49. b5 Nc3 50. Kd4 Ne4 51. Be2 h6 52. Bf3 Kd6 53. h4 Nf6 54. Bd1 Ne8 55. Bc2 Ng7 56. Bd3 Ne6+ 57. Ke3 d4+ 58. Kf3 Ng7 59. Ke2 Kc5 60. Kd2 Nh5 61. Bxf5 Nxf4 62. Bd7 h5 63. Be8 Ng2 64. Bxh5 Nxh4 65. Be8 Nf5 66. Kd3 Nd6 67. Bd7 Nxb5 68. Be6 Nc7 69. Bb3 Ne8 70. Bf7 Nd6 71. Bg8 b5 72. Be6 Nc4 73. Bg8 Ne5+ 74. Ke4 Nc6 75. Bf7 Na5 76. Kd3 Nc6 77. Be8 Nb4+ 78. Ke4 Nd5 79. Bf7 Nb6 80. Kd3 Na4 81. Bg8 Nb2+ 82. Kc2 Nc4 83. Kd3 Na5 84. Bf7 b4 85. Kc2 Nc4 86. Bg8 Ne5 87. Bh7 Kb5 88. Be4 Ka4 89. Bd5 Ka3 90. Be6 d3+ 91. Kb1 b3 0-1

[Event "Pardubice Czech op-B 26th"]
[Site "Pardubice"]
[Date "2015.07.27"]
[Round "4"]
[White "Ngo, Minh Duc"]
[Black "Sharafutdinov, Ayrat"]
[Result "1-0"]
[WhiteElo "2018"]
[BlackElo "2156"]
[PlyCount "115"]
[EventDate "2015.07.24"]
[EventType "swiss"]
[EventRounds "9"]
[EventCountry "CZE"]
[SourceTitle "EXT 2017"]
[Source "ChessBase"]
[SourceDate "2016.10.25"]
[SourceVersion "1"]
[SourceVersionDate "2016.10.25"]
[SourceQuality "1"]

1. e4 c5 2. Nf3 Nc6 3. b3 Nf6 4. e5 Ng4 5. Bb2 d6 6. exd6 exd6 7. Bb5 Qe7+ 8. Qe2 Qxe2+ 9. Kxe2 Bf5 10. d3 0-0-0 11. Bxc6 bxc6 12. Re1 f6 13. Nbd2 d5 14. Kf1 Bd6 15. h3 Nh6 16. Rac1 Bd7 17. Ba3 Nf7 18. c4 Bf5 19. cxd5 Bxd3+ 20. Kg1 cxd5 21. Bxc5 Kd7 22. Bxd6 Nxd6 23. Rc5 Be4 24. Nd4 Nb7 25. Rb5 Kc7 26. Rc1+ Kb8 27. Nc6+ Ka8 28. Nxd8 Rxd8 29. Nxe4 dxe4 30. Rc7 Rd1+ 31. Kh2 Nd6 32. Ra5 Kb8 33. Rxg7 e3 34. fxe3 Ne4 35. Raxa7 Nd2 36. Rad7 Kc8 37. Rd4 h5 38. Rgd7 Nf1+ 39. Kg1 Nd2+ 40. Kf2 Ne4+ 41. Rxe4 Rxd7 42. Rd4 Ra7 43. a4 Ra5 44. e4 Re5 45. g4 hxg4 46. hxg4 Kb7 47. Kf3 Rc5 48. Rc4 Rg5 49. Kf4 Rg8 50. Kf5 Rg5+ 51. Kxf6 Rxg4 52. e5 Rg3 53. e6 Rf3+ 54. Ke5 Rxb3 55. e7 Re3+ 56. Re4 Rxe4+ 57. Kxe4 Kc7 58. e8Q 1-0

[Event "Pardubice Czech op-B 26th"]
[Site "Pardubice"]
[Date "2015.07.26"]
[Round "3"]
[White "Gantar, Jan"]
[Black "Ngo, Minh Duc"]
[Result "0-1"]
[WhiteElo "2159"]
[BlackElo "2018"]
[PlyCount "120"]
[EventDate "2015.07.24"]
[EventType "swiss"]
[EventRounds "9"]
[EventCountry "CZE"]
[SourceTitle "EXT 2017"]
[Source "ChessBase"]
[SourceDate "2016.10.25"]
[SourceVersion "1"]
[SourceVersionDate "2016.10.25"]
[SourceQuality "1"]

1. e4 c5 2. Nc3 Nc6 3. Nge2 g6 4. d4 cxd4 5. Nxd4 Bg7 6. Nde2 d6 7. g3 h5 8. h4 Bg4 9. Bg2 Ne5 10. 0-0 Nf6 11. f3 Bd7 12. b3 Qb6+ 13. Qd4 Qxd4+ 14. Nxd4 Rc8 15. Nce2 0-0 16. c4 b5 17. cxb5 Nd3 18. Rd1 Nxc1 19. Raxc1 Bh6 20. f4 Bg4 21. Rxc8 Rxc8 22. Rc1 Rxc1+ 23. Nxc1 e5 24. Nde2 Nd7 25. Kf2 Nc5 26. Ke3 f6 27. b4 Na4 28. a3 Be6 29. Kd3 Bd7 30. Nc3 Nxc3 31. Kxc3 Bxb5 32. Nd3 Bxd3 33. Kxd3 exf4 34. gxf4 Bxf4 35. b5 Bg3 36. a4 Bxh4 37. Ke2 d5 38. exd5 Bg3 39. a5 Bc7 40. a6 Kf7 41. d6 Bxd6 42. b6 Bb8 43. Bd5+ Ke7 44. bxa7 Bxa7 45. Kf3 f5 46. Kg3 Kf6 47. Kh4 Bf2+ 48. Kh3 g5 49. Kg2 Bc5 50. Bb7 g4 51. Bc6 Kg5 52. Bb7 h4 53. Bc8 Ba7 54. Bd7 h3+ 55. Kh1 f4 56. Be6 Kh4 57. Bd7 f3 58. Be6 f2 59. Bc4 g3 60. Bf1 g2+ 0-1

[Event "GER-ch U16"]
[Site "Willingen"]
[Date "2015.05.26"]
[Round "5"]
[White "Hartge, Gedeon"]
[Black "Ngo, Minh Duc"]
[Result "0-1"]
[WhiteElo "1973"]
[BlackElo "1973"]
[PlyCount "124"]
[EventDate "2015.05.24"]
[EventType "swiss"]
[EventRounds "9"]
[EventCountry "GER"]
[SourceTitle "CBM 166 Extra"]
[Source "ChessBase"]
[SourceDate "2015.06.18"]
[SourceVersion "1"]
[SourceVersionDate "2015.06.18"]
[SourceQuality "1"]

1. d4 d5 2. c4 c6 3. Nf3 e6 4. b3 Bd6 5. Qc2 f5 6. g3 Nf6 7. Bg2 0-0 8. 0-0 Bd7 9. Ba3 Qc7 10. Bxd6 Qxd6 11. Nc3 Be8 12. Rad1 Nbd7 13. Qb2 Bh5 14. Ne1 Rae8 15. Na4 Rc8 16. Nd3 b6 17. Rc1 Qe7 18. Rfe1 g5 19. Rc2 Rfe8 20. Rec1 dxc4 21. bxc4 e5 22. Nb4 e4 23. a3 f4 24. Qb3 Kh8 25. Qc3 Kg8 26. Qb3 Kg7 27. Qc3 Kf8 28. e3 f3 29. Bh3 a5 30. Na2 Bg4 31. Bf1 Qf7 32. Nxb6 Nxb6 33. Qxa5 Nbd7 34. Qxg5 Ke7 35. c5 Qg6 36. Qxg6 hxg6 37. Nb4 Be6 38. a4 Nd5 39. Nxd5+ Bxd5 40. a5 Ra8 41. a6 Reb8 42. h3 Rb4 43. Ra1 Nf6 44. Kh2 Be6 45. g4 Ra7 46. Kg3 g5 47. Rd2 Kf7 48. Rc2 Kg6 49. Rd2 Nd7 50. Rc2 Rb8 51. Rd2 Rba8 52. Rb2 Kf6 53. Rab1 Ke7 54. Rb7 Rxb7 55. axb7 Rb8 56. Ba6 Nf6 57. Rb6 Kd7 58. Rb1 Nd5 59. h4 gxh4+ 60. Kxh4 Nc7 61. Kg5 Rg8+ 62. Kh6 Bxg4 0-1

[Event "GER-ch U16"]
[Site "Willingen"]
[Date "2015.05.24"]
[Round "2"]
[White "Ngo, Minh Duc"]
[Black "Philipp, Mathias"]
[Result "1-0"]
[WhiteElo "1973"]
[BlackElo "1809"]
[PlyCount "175"]
[EventDate "2015.05.24"]
[EventType "swiss"]
[EventRounds "9"]
[EventCountry "GER"]
[SourceTitle "CBM 166 Extra"]
[Source "ChessBase"]
[SourceDate "2015.06.18"]
[SourceVersion "1"]
[SourceVersionDate "2015.06.18"]
[SourceQuality "1"]

1. e4 e5 2. Nf3 Nc6 3. Bb5 a6 4. Ba4 Nf6 5. 0-0 b5 6. Bb3 Be7 7. Re1 0-0 8. c3 d6 9. h3 Na5 10. Bc2 c5 11. d4 Nc6 12. Bg5 Ne8 13. Be3 Qc7 14. Nbd2 g6 15. a4 Bb7 16. d5 Nd8 17. Bh6 Ng7 18. Qe2 Qb6 19. Ra3 b4 20. a5 Qc7 21. Raa1 bxc3 22. bxc3 Bc8 23. Reb1 f6 24. Nc4 Nf7 25. Nb6 Ra7 26. Bxg7 Kxg7 27. Nxc8 Rxc8 28. Rb6 Rca8 29. Rc6 Qd7 30. Ba4 Bd8 31. Rxc5 Qe7 32. Rc4 Rb8 33. Bc6 Nh6 34. h4 Qc7 35. Rb4 Ng8 36. Rab1 Rxb4 37. cxb4 Ne7 38. Rc1 Qc8 39. Rc4 Rc7 40. Qc2 h6 41. Nd2 f5 42. f3 Qb8 43. Ba4 Rxc4 44. Qxc4 Qa7+ 45. Kf1 Qe3 46. Qc2 Nxd5 47. Nc4 Bxh4 48. Nxe3 Nxe3+ 49. Ke2 Nxc2 50. Bxc2 fxe4 51. fxe4 Bd8 52. Bd3 d5 53. exd5 Be7 54. b5 axb5 55. a6 Bc5 56. Bxb5 Kf6 57. Kf3 h5 58. Ke4 Bd4 59. Be8 h4 60. Ba4 Ke7 61. Bb3 Kd6 62. Ba4 Ke7 63. Bb5 Kd6 64. Be8 g5 65. Bh5 Ba7 66. Bf3 Bb6 67. Kf5 Be3 68. Be4 g4 69. Kxg4 Bf2 70. Kf5 Bd4 71. Kf6 Ba7 72. Kf7 Kd7 73. Kf6 Kd6 74. Kg5 Bf2 75. a7 Bxa7 76. Kxh4 Ke7 77. Kg5 Kf7 78. Kf5 Bb8 79. g4 Bc7 80. g5 Bb8 81. g6+ Ke7 82. Bf3 Bc7 83. Bh5 Kf8 84. Kf6 Kg8 85. g7 Bd8+ 86. Kg6 e4 87. Bg4 e3 88. Be6# 1-0

[Event "GER-chT U20"]
[Site "Naumburg Saale"]
[Date "2014.12.29"]
[Round "6.4"]
[White "Ngo, Minh Duc"]
[Black "Groetzbach, Julian"]
[Result "0-1"]
[WhiteElo "1960"]
[BlackElo "2215"]
[PlyCount "100"]
[EventDate "2014.12.27"]
[EventType "team-swiss"]
[EventRounds "7"]
[EventCountry "GER"]
[SourceTitle "EXT 2016"]
[Source "ChessBase"]
[SourceDate "2015.10.08"]
[SourceVersion "1"]
[SourceVersionDate "2015.10.08"]
[SourceQuality "1"]
[WhiteTeam "Wildeshausen"]
[BlackTeam "Hamburger SK"]
[WhiteTeamCountry "GER"]
[BlackTeamCountry "GER"]

1. e4 c5 2. Nf3 d6 3. c3 Nf6 4. h3 Nc6 5. Bd3 d5 6. e5 Nd7 7. Bb5 Qb6 8. Bxc6 bxc6 9. 0-0 e6 10. Re1 Be7 11. d3 h6 12. c4 0-0 13. Nc3 Qc7 14. Bf4 Rb8 15. b3 Bd8 16. Qd2 Qb7 17. Rac1 Kh7 18. h4 Ba5 19. Qe2 Qc7 20. g3 Bb4 21. Rf1 Qa5 22. Nd1 Qc7 23. Ne3 a5 24. Ng4 Rh8 25. a4 Ba3 26. Rb1 Bb4 27. Ne3 Bc3 28. Qc2 Bd4 29. Rfe1 Rg8 30. Kg2 f6 31. exf6 e5 32. Nf5 exf4 33. f7 Rf8 34. Re7 g6 35. N5xd4 cxd4 36. Nxd4 Qd6 37. Rbe1 Qf6 38. Nxc6 Qxc6 39. R1e6 Qxe6 40. Rxe6 Rxf7 41. h5 Nf8 42. hxg6+ Nxg6 43. Rd6 fxg3 44. fxg3 Bg4 45. c5 Re8 46. Qc3 Re2+ 47. Kg1 Ne5 48. Qc1 Nf3+ 49. Kf1 Nd2+ 50. Kg1 Rff2 0-1

[Event "Hannover Ihme Cup"]
[Site "Hannover"]
[Date "2014.05.10"]
[Round "3"]
[White "Ngo, Minh Duc"]
[Black "Krumschmidt, Michael"]
[Result "1-0"]
[WhiteElo "1960"]
[BlackElo "1655"]
[PlyCount "100"]
[EventDate "2014.05.09"]
[EventType "swiss"]
[EventRounds "5"]
[EventCountry "GER"]
[SourceTitle "EXT 2021"]
[Source "ChessBase"]
[SourceDate "2020.10.23"]
[SourceVersion "1"]
[SourceVersionDate "2020.10.23"]
[SourceQuality "1"]

1. e4 c5 2. c3 b6 3. d4 Bb7 4. Nd2 e6 5. Ngf3 d6 6. Bd3 Nf6 7. 0-0 Be7 8. Re1 0-0 9. Nf1 Nbd7 10. Ng3 Kh8 11. Bd2 Qc7 12. h3 c4 13. Bb1 e5 14. Nf5 Rfe8 15. Ng5 Kg8 16. b3 b5 17. d5 Bf8 18. g4 g6 19. Ng3 Nc5 20. b4 Na4 21. Bc2 Nb6 22. a4 a5 23. Be3 axb4 24. a5 Nbxd5 25. exd5 b3 26. Be4 Rxa5 27. Qf3 Bg7 28. Rxa5 Qxa5 29. h4 Rf8 30. Qe2 Qxc3 31. Rd1 Ra8 32. Bd2 Qb2 33. Qe3 Qd4 34. Qe1 Qa7 35. Bc3 Nxg4 36. Bf3 Nf6 37. N3e4 Ne8 38. h5 Bc8 39. hxg6 fxg6 40. Qe2 Qe7 41. Bg4 Ra2 42. Qf3 Bxg4 43. Qxg4 b2 44. Rb1 Nf6 45. Qc8+ Ne8 46. Bxb2 h6 47. Ne6 Kf7 48. Bc1 Re2 49. Rxb5 Nc7 50. Rb7 Nxd5 1-0